00359nam a2200133 a 450000100080000000500110000800800410001910000160006024500850007626000320016130000090019365000090020270000140021110270462026-03-23 2015 bl uuuu 00u1 u #d1 aSABAINI, C. aManual de determinación de la condición biológica de suelo in situ e in visu. aChile : Centro Ceresc2015 a57p. aSolo1 aAVILA, G.